Electronics and radio engineering (Record no. 78)
[ view plain ]
| 000 -LEADER | |
|---|---|
| fixed length control field | 00451nac a22001331u 4500 |
| 082 ## - DEWEY DECIMAL CLASSIFICATION NUMBER | |
| Classification number | 621.384 |
| Item number | G9775 |
| 090 ## - LOCALLY ASSIGNED LC-TYPE CALL NUMBER (OCLC); LOCAL CALL NUMBER (OCLC) | |
| -- | 78 |
| -- | 78 |
| 100 ## - MAIN ENTRY--PERSONAL NAME | |
| Personal name | Gupta, M.L. |
| 245 ## - TITLE STATEMENT | |
| Title | Electronics and radio engineering |
| 260 ## - PUBLICATION, DISTRIBUTION, ETC. (IMPRINT) | |
| Place of publication, distribution, etc | New Delhi |
| Name of publisher, distributor, etc | Dhanpat Rai |
| Date of publication, distribution, etc | 1993 |
| 650 ## - SUBJECT ADDED ENTRY--TOPICAL TERM | |
| Topical term or geographic name as entry element | Electronics |
| 942 ## - ADDED ENTRY ELEMENTS (KOHA) | |
| Item type | Book - Borrowing |
| Call number prefix | 621.384G9775 |
| Withdrawn status | Item status | Damaged status | Not for loan | Home library | Current library | Shelving location | Date acquired | Source of acquisition | Total Checkouts | Full call number | Barcode | Date last seen | Cost, replacement price | Koha item type |
|---|---|---|---|---|---|---|---|---|---|---|---|---|---|---|
| Central Library | Central Library | First floor | 05/12/2015 | Purchase | 621.384 GUP | 000004703 | 15/07/2025 | 60.00 | Book - Borrowing |